Vplyv pórovitosti na napäťovo-deformačné správanie sa kompaktov z práškových zmesí na báze železa

Salvato in:
Dettagli Bibliografici
Autore principale: Nyerges, Marek (Autore)
Altri autori: Behúlová, Mária (Relatore della tesi)
Natura: Manoscritto Libro
Lingua:slovacco
Pubblicazione: 2021
Soggetti:
Accesso online:http://is.stuba.sk/zp/portal_zp.pl?podrobnosti=148125
Tags: Aggiungi Tag
Nessun Tag, puoi essere il primo ad aggiungerne!!

MARC

LEADER 00000ntm a22000003a 4500
001 stuzp84612
003 SK-STU
005 20210703212654.7
007 ta
008 150427s2015----xo-----f-mn---000-0-slo-d
040 |a STU  |b slo 
041 0 |a slo 
100 1 |a Nyerges, Marek  |u 063000  |4 aut  |U MTF Materiálovotechnologická fakulta  |T MTF Ústav výrobných technológií  |X 96645  |U M3000  |Y 83  |7 96645 
242 0 1 |a Influence of the porosity on the stress-strain behaviour of compacts from iron based powder mixtures  |y eng 
245 1 0 |a Vplyv pórovitosti na napäťovo-deformačné správanie sa kompaktov z práškových zmesí na báze železa 
260 |c 2021 
650 4 |a kovové prášky  |2 slo 
650 4 |a pórovitosť  |2 slo 
650 4 |a prášková metalurgia  |2 slo 
650 4 |a mechanické vlastnosti  |2 slo 
650 4 |a numerická simulácia  |2 slo 
650 4 |a porosity  |2 eng 
650 4 |a powder metallurgy  |2 eng 
650 4 |a iron powders  |2 eng 
650 4 |a mechanical properties  |2 eng 
650 4 |a numerical simulation  |2 eng 
700 1 |a Behúlová, Mária  |u 066000  |k Z1  |4 ths  |U MTF Materiálovotechnologická fakulta  |T MTF Ústav aplikovanej informatiky, automatizácie a mechatroniky  |X 200  |U M6000  |Y 86  |7 A000000200 
856 4 |u http://is.stuba.sk/zp/portal_zp.pl?podrobnosti=148125 
996 |c M* BP-9162  |l MMSKP  |s P  |a 0  |w stuzp84612_0001